000 00944nam a22002297a 4500
999 _c12145
_d12145
003 AR-CdUCM
008 190408b ||||| |||| 00| 0 spa d
040 _aMUNICIPALIDAD PROVINCIAL DEL CUSCO
_cBIBLIOTECA MUNICIPAL DEL CUSCO
082 _22ed
_aEP / 089.0648 /
_bC13
100 _aCabel, Jesús
_96084
245 _aY me dibuje un camino :
_bSelección de poemas soviéticos para niños /
260 _aLima :
_bEditora Lima,
_c1987.
300 _a101 páginas ;
_bIlustraciones,
_c20 cm.
440 _aBiblioteca mundial de literatura infantil
_929842
500 _aPoesía soviética para niños
505 _aContenido: Encuentro con la poesía soviética para niños -- Con nuestros nuevos fusiles -- Cancioncita de mayo -- Cucarachon -- Relato sobre un héroe desconocido...
650 _aPoesía para niños
_929843
650 _aPoesía soviética
_929844
650 _aPoesía rusa
_929845
942 _2ddc
_cLIBROS
945 _adavv